000 01603cam a2200313 i 4500
001 1107428151
003 OCoLC
005 20260122144532.0
008 190413s2019 nyu 000 1 eng
020 _a9780399180194
035 _a(OCoLC)1107428151
040 _aMe
_beng
_erda
_cMe
_dUtOrBLW
043 _an-us-nj
100 1 _aEvanovich, Janet,
_eauthor.
_91250
245 1 0 _aTwisted twenty-six /
_cJanet Evanovich.
246 3 _aTwisted 26.
300 _a306 pages ;
_c24 cm.
490 1 _aStephanie Plum novel ;
_v26.
520 _aGrandma Mazur has decided to get married again - this time to a local gangster named Jimmy Rosolli. If Stephanie has her doubts about this marriage, she doesn't have to worry for long, because the groom drops dead of a heart attack 45 minutes after saying, "I do." A sad day for Grandma Mazur turns into something far more dangerous when Jimmy's former "business partners" are convinced that his new widow is keeping the keys to a financial windfall all to herself. But the one thing these wise guys didn't count on was the widow's bounty hunter granddaughter, who'll do anything to save her.
600 1 0 _aPlum, Stephanie
_c(Fictitious character)
_vFiction.
_939905
650 0 _aWomen private investigators
_vFiction.
_92913
650 0 _aWomen bounty hunters
_vFiction.
_94006
650 0 _aPrivate investigators
_vFiction.
650 0 _aBounty hunters
_vFiction.
_912644
651 0 _aTrenton (N.J.)
_vFiction.
_95273
655 7 _aDetective and mystery fiction.
_2lcgft.
800 1 _aEvanovich, Janet.
_tStephanie Plum novel.
_911902
942 _2ddc
_cBK
999 _c129543
_d129543